[Event "III Open Oro Caffe'"]
[Site "Udine ITA"]
[Date "2010.07.10"]
[Round "6"]
[White "Bozza, Gabriele"]
[Black "Menon, Michele"]
[Result "1-0"]
[WhiteElo "2000"]
[BlackElo "1733"]
[PlyCount "58"]
[EventDate "2010.07.05"]

1. d4 d6 2. c4 Nf6 3. Nc3 Nbd7 4. e4 e5 5. d5 Nc5 6. f3 a5 7. Be3 b6 8. Nge2
Be7 9. Qd2 Bd7 10. g4 Qb8 11. Ng3 O-O 12. Nb5 Rc8 13. g5 Ne8 14. h4 c6 15. dxc6
Bxc6 16. h5 Qb7 17. g6 fxg6 18. hxg6 hxg6 19. Bxc5 dxc5 20. Bh3 Kf7 21. Bxc8
Rxc8 22. O-O-O Rd8 23. Qc3 Bxb5 24. cxb5 Rd4 25. Rxd4 exd4 26. Qc4+ Kf6 27. e5+
Kxe5 28. Re1+ Kf4 29. Qf7+ Bf6 1-0

[Event "III Open Oro Caffe'"]
[Site "Udine ITA"]
[Date "2010.07.10"]
[Round "6"]
[White "Bozza, Stefano"]
[Black "Maestri, Roberto"]
[Result "1/2-1/2"]
[WhiteElo "1830"]
[BlackElo "1768"]
[PlyCount "81"]
[EventDate "2010.07.05"]

1. e4 d6 2. d4 Nf6 3. Nc3 c6 4. Nf3 Bg4 5. h3 Bh5 6. Be3 Nbd7 7. Qd2 Bxf3 8.
gxf3 e5 9. O-O-O Be7 10. Rg1 g6 11. f4 exd4 12. Bxd4 c5 13. Be3 h6 14. Be2 a6
15. f5 g5 16. f4 b5 17. Bf3 b4 18. Ne2 gxf4 19. Bxf4 Ne5 20. Bh1 Qa5 21. Kb1
Nc4 22. Qd3 Ne5 23. Qe3 Nc4 24. Qf3 Ne5 25. Bxe5 dxe5 26. Nf4 Rg8 27. Nd5 Rxg1
28. Rxg1 Rd8 29. Qe3 Nxd5 30. exd5 Bf6 31. Qxh6 Ke7 32. Qe3 Qb5 33. Rd1 Rd6 34.
h4 Qc4 35. Bf3 a5 36. h5 a4 37. Be2 Rxd5 38. Bxc4 Rxd1+ 39. Qc1 Rxc1+ 40. Kxc1
Bg5+ 41. Kd1 1/2-1/2

[Event "III Open Oro Caffe'"]
[Site "Udine ITA"]
[Date "2010.07.10"]
[Round "6"]
[White "Capizzi, Biagio"]
[Black "Capaliku, Aleks"]
[Result "1/2-1/2"]
[WhiteElo "1824"]
[BlackElo "2095"]
[PlyCount "47"]
[EventDate "2010.07.05"]

1. d4 f5 2. g3 Nf6 3. Bg2 e6 4. Nf3 d5 5. O-O Bd6 6. b3 Qe7 7. c4 c6 8. c5 Bc7
9. Bb2 b6 10. b4 Nbd7 11. Qc2 bxc5 12. bxc5 e5 13. dxe5 Nxe5 14. Nbd2 Ne4 15.
Nxe5 Bxe5 16. Bxe5 Qxe5 17. Qa4 Bd7 18. Nf3 Qe7 19. Rfc1 Nxc5 20. Qa5 Ne4 21.
Nd4 Qe5 22. e3 O-O 23. Rab1 Rfc8 24. Rb7 1/2-1/2

[Event "III Open Oro Caffe'"]
[Site "Udine ITA"]
[Date "2010.07.10"]
[Round "6"]
[White "De Poi, Paolo"]
[Black "Procacci, Sergio"]
[Result "1-0"]
[WhiteElo "2198"]
[BlackElo "2043"]
[PlyCount "41"]
[EventDate "2010.07.05"]

1. e4 d6 2. d4 Nf6 3. Nc3 g6 4. f3 c6 5. Be3 Qa5 6. Qd2 Nbd7 7. Nh3 a6 8. Nf2
b5 9. a3 Qc7 10. Be2 Nb6 11. O-O Be6 12. Bh6 Bc4 13. Bd3 c5 14. d5 Bxh6 15.
Qxh6 O-O-O 16. Qd2 Kb7 17. b3 Bxd3 18. Nxd3 g5 19. b4 c4 20. f4 Ra8 21. Rfc1
1-0

[Event "III Open Oro Caffe'"]
[Site "Udine ITA"]
[Date "2010.07.10"]
[Round "6"]
[White "Degano, Emanuele"]
[Black "Cicioni, Luigi"]
[Result "0-1"]
[WhiteElo "1614"]
[BlackElo "1827"]
[PlyCount "46"]
[EventDate "2010.07.05"]

1. e4 c5 2. Nc3 e6 3. Nf3 Nc6 4. d4 cxd4 5. Nxd4 Nf6 6. a3 d5 7. Bd3 Nxd4 8. e5
Nd7 9. Bxh7 Rxh7 10. Qxd4 Bc5 11. Qf4 Qh4 12. g3 Qxf4 13. Bxf4 a6 14. Ke2 f6
15. exf6 gxf6 16. Na4 b6 17. Nxc5 Nxc5 18. b4 Na4 19. Be3 Bb7 20. f3 Rc8 21.
Kd3 Rc3+ 22. Kd2 e5 23. f4 d4 0-1

[Event "III Open Oro Caffe'"]
[Site "Udine ITA"]
[Date "2010.07.10"]
[Round "6"]
[White "Gentile, Bruno"]
[Black "Rozmann, Glauco"]
[Result "1/2-1/2"]
[WhiteElo "1305"]
[BlackElo "1745"]
[PlyCount "105"]
[EventDate "2010.07.05"]

1. d4 d5 2. c4 Nf6 3. Nc3 e6 4. g3 Be7 5. Bg2 c6 6. Nf3 Nbd7 7. O-O Nb6 8. cxd5
Nbxd5 9. Ne5 O-O 10. e3 Qa5 11. Ne2 Nd7 12. Ng4 f5 13. e4 fxe4 14. Bxe4 N7f6
15. Nxf6+ Nxf6 16. Bg2 Rd8 17. Nf4 e5 18. Qb3+ Kf8 19. Ne6+ Bxe6 20. Qxe6 exd4
21. Re1 Bb4 22. Rd1 Re8 23. Qb3 Rad8 24. a3 Bc5 25. Bg5 Bb6 26. Bxf6 gxf6 27.
Qd3 Kg7 28. b4 Qe5 29. Kf1 Qb5 30. Qxb5 cxb5 31. Bxb7 d3 32. Ra2 Rd6 33. Ba6
Bxf2 34. Rxf2 Rxa6 35. Rxd3 Rc8 36. Rd7+ Kg6 37. Rf3 Rc1+ 38. Kg2 Rc2+ 39. Kh3
Ra2 40. Rdd3 Re6 41. Rfe3 Re5 42. Rc3 Rh5+ 43. Kg4 Raxh2 44. Rc5 f5+ 45. Kf4
Rf2+ 46. Rf3 Rxf3+ 47. Kxf3 Kg5 48. Rxb5 Rh1 49. Kg2 Ra1 50. Ra5 Kg4 51. Rxa7
Ra2+ 52. Kh1 Kxg3 53. Kg1 1/2-1/2

[Event "III Open Oro Caffe'"]
[Site "Udine ITA"]
[Date "2010.07.10"]
[Round "6"]
[White "Mogranzini, Roberto"]
[Black "Della Pietra, Andrea"]
[Result "1-0"]
[WhiteElo "2387"]
[BlackElo "2170"]
[PlyCount "56"]
[EventDate "2010.07.05"]

1. e4 e6 2. d4 d5 3. Nd2 Nf6 4. e5 Nfd7 5. Bd3 c5 6. c3 Nc6 7. Ne2 cxd4 8. cxd4
f6 9. exf6 Nxf6 10. O-O Bd6 11. Nf3 Qc7 12. Bg5 O-O 13. Bh4 Nh5 14. Qc2 h6 15.
Bh7+ Kh8 16. Bg6 Rxf3 17. Bxh5 Rf8 18. Bg3 Bd7 19. Rac1 Rac8 20. Qd2 Bxg3 21.
hxg3 e5 22. dxe5 Qxe5 23. Bf3 Bf5 24. Rc5 Nd4 25. Rxc8 Nxf3+ 26. gxf3 Rxc8 27.
Nf4 Rc7 28. Rd1 Rd7 1-0

[Event "III Open Oro Caffe'"]
[Site "Udine ITA"]
[Date "2010.07.10"]
[Round "6"]
[White "Muradore, Aldo"]
[Black "Panican, Gheorghe"]
[Result "1-0"]
[WhiteElo "1575"]
[BlackElo "1953"]
[PlyCount "69"]
[EventDate "2010.07.05"]

1. d4 c6 2. e4 e6 3. c3 Na6 4. Nf3 Nc7 5. c4 b6 6. a3 Bb7 7. Nc3 g6 8. Be2 Bg7
9. Bg5 f6 10. Be3 d6 11. Qd2 h6 12. O-O Ne7 13. Rad1 a6 14. Qc2 O-O 15. c5 bxc5
16. dxc5 d5 17. Na4 Bc8 18. Nb6 Bd7 19. Nxa8 Qxa8 20. Qd2 Kh7 21. Nh4 g5 22.
Nf3 e5 23. exd5 cxd5 24. h4 g4 25. Qc2+ Kh8 26. Nh2 Qc8 27. Rfe1 f5 28. f3 g3
29. Nf1 f4 30. Bd2 Nc6 31. Bc1 d4 32. Bd3 Nd5 33. Be4 Ncb4 34. axb4 Nxb4 35.
Qb3 1-0

[Event "III Open Oro Caffe'"]
[Site "Udine ITA"]
[Date "2010.07.10"]
[Round "6"]
[White "Orsatti, Marcello"]
[Black "De Monte, David"]
[Result "1-0"]
[WhiteElo "1995"]
[BlackElo "1650"]
[PlyCount "44"]
[EventDate "2010.07.05"]

1. c4 Nf6 2. Nc3 g6 3. g3 Bg7 4. Bg2 O-O 5. d3 d6 6. e4 e5 7. Nge2 Nc6 8. O-O
Ne7 9. h3 h6 10. Be3 Be6 11. Qd2 Kh7 12. b3 c6 13. d4 Qc8 14. Kh2 Neg8 15. d5
cxd5 16. cxd5 Nxd5 17. Nxd5 f5 18. f3 g5 19. g4 f4 20. Bf2 h5 21. Rac1 Qd7 22.
Ndc3 Nf6 1-0

[Event "III Open Oro Caffe'"]
[Site "Udine ITA"]
[Date "2010.07.10"]
[Round "6"]
[White "Pagnutti, Lorenzo"]
[Black "Gabassi, Cristina"]
[Result "1-0"]
[WhiteElo "2095"]
[BlackElo "1621"]
[PlyCount "65"]
[EventDate "2010.07.05"]

1. e4 d5 2. exd5 Qxd5 3. Nc3 Qa5 4. Nf3 Nf6 5. Bc4 c6 6. O-O Bf5 7. d4 e6 8.
Bd2 Qc7 9. Re1 Be7 10. Ne2 O-O 11. Ng3 Bg6 12. Ne5 Nbd7 13. Nxg6 hxg6 14. c3
Rfe8 15. Qc2 Nd5 16. Rad1 N7b6 17. Bf1 c5 18. dxc5 Bxc5 19. Ne4 Be7 20. Bc1 Nf6
21. g3 Nxe4 22. Qxe4 Nd5 23. Bg2 b6 24. Qa4 Rad8 25. Bxd5 exd5 26. Rxd5 Qb7 27.
Rde5 Kf8 28. b3 Rd7 29. Ba3 f6 30. R5e3 Kg8 31. Qc4+ Kf8 32. Qg4 f5 33. Qf4 1-0

[Event "III Open Oro Caffe'"]
[Site "Udine ITA"]
[Date "2010.07.10"]
[Round "6"]
[White "Pillon, Giovanni Pietro"]
[Black "Fantini, Marco"]
[Result "1/2-1/2"]
[WhiteElo "1921"]
[BlackElo "1954"]
[PlyCount "97"]
[EventDate "2010.07.05"]

1. d4 d5 2. c4 e5 3. dxe5 d4 4. Nf3 c5 5. e3 Nc6 6. exd4 cxd4 7. a3 Nge7 8. b4
Bg4 9. Be2 d3 10. Qxd3 Qxd3 11. Bxd3 Bxf3 12. gxf3 Nxe5 13. Be2 O-O-O 14. Bb2
N7c6 15. Nd2 Be7 16. O-O-O Bg5 17. Kc2 f5 18. Nb3 Rde8 19. Rhg1 Bh6 20. b5 Nb8
21. f4 Ng6 22. Bd3 Rhf8 23. h4 Rf7 24. Nd4 Nxh4 25. Rh1 g5 26. fxg5 Bxg5 27.
Rdg1 Bd8 28. Rg3 f4 29. Rgh3 Ng2 30. Rxh7 Rxh7 31. Bxh7 Nd7 32. Bf5 Nh4 33. Bg4
Ng6 34. Rh7 Ngf8 35. Rf7 Kc7 36. c5 Be7 37. Ne6+ Nxe6 38. Bxe6 Nxc5 39. Bc4 Kd6
40. Rxf4 Bg5 41. Rf5 Be7 42. Bc3 b6 43. Be5+ Kd7 44. Bd5 Rc8 45. Bc6+ Ke6 46.
Rh5 Nd7 47. Bg3 Bxa3 48. Rh6+ Nf6 49. Bh4 1/2-1/2

[Event "III Open Oro Caffe'"]
[Site "Udine ITA"]
[Date "2010.07.10"]
[Round "6"]
[White "Podgornik, Massimo"]
[Black "Fermo, Ruggero"]
[Result "0-1"]
[WhiteElo "1491"]
[BlackElo "1901"]
[PlyCount "116"]
[EventDate "2010.07.05"]

1. e4 d5 2. Nf3 dxe4 3. Ng5 Bf5 4. g4 Bg6 5. Bg2 Nf6 6. Nc3 Qd4 7. Qe2 Nbd7 8.
Ngxe4 O-O-O 9. d3 Nxe4 10. Nxe4 Nb6 11. Nc3 e6 12. Be3 Qb4 13. Rb1 Nd5 14. Bd2
Qe7 15. Qf3 c6 16. O-O Qd7 17. Rfe1 Bd6 18. Nxd5 exd5 19. Bf4 h5 20. g5 Bf5 21.
Bxd6 Bg4 22. Qg3 h4 23. Qf4 h3 24. Bc5 Be6 25. Bxa7 Qc7 26. Qxc7+ Kxc7 27. Bh1
b6 28. Re3 Ra8 29. Bxb6+ Kxb6 30. a3 Rh5 31. Rbe1 Ra5 32. g6 Ra7 33. gxf7 Bxf7
34. Re7 Rxe7 35. Rxe7 Rf5 36. Re3 Rh5 37. Rg3 Rh7 38. Bf3 Be6 39. Bg4 Rh6 40.
Bxe6 Rxe6 41. Re3 Rg6+ 42. Kf1 Rh6 43. Rg3 g6 44. Ke2 d4 45. Kf3 Rh5 46. Rxg6
Rf5+ 47. Ke2 Re5+ 48. Kf3 Rf5+ 49. Kg3 Re5 50. f4 Re2 51. f5 Rxc2 52. f6 Rg2+
53. Kf4 Rxg6 54. Kf5 Rg1 55. f7 c5 56. Ke6 Re1+ 57. Kd7 Rf1 58. Ke6 c4 0-1

[Event "III Open Oro Caffe'"]
[Site "Udine ITA"]
[Date "2010.07.10"]
[Round "6"]
[White "Redo, Stefano"]
[Black "Tassinari, Luca"]
[Result "0-1"]
[WhiteElo "1919"]
[BlackElo "1856"]
[PlyCount "82"]
[EventDate "2010.07.05"]

1. e4 c5 2. Nf3 d6 3. Bb5+ Bd7 4. Qe2 Bxb5 5. Qxb5+ Qd7 6. Nc3 Nc6 7. O-O e6 8.
Rd1 a6 9. Qe2 Nd4 10. Nxd4 cxd4 11. Nb1 d5 12. d3 Bc5 13. c3 Rc8 14. Bg5 f6 15.
cxd4 Bxd4 16. Bh4 Ne7 17. Nc3 Bxc3 18. bxc3 Rxc3 19. f4 O-O 20. Be1 Rc6 21. Bb4
e5 22. Qb2 Kf7 23. Rab1 b5 24. Rbc1 Rfc8 25. Rxc6 Nxc6 26. Bc5 g6 27. Rc1 d4
28. fxe5 Nxe5 29. Qa3 Qc6 30. Qb3+ Qe6 31. Qa3 Qc6 32. Qb3+ Qe6 33. Qa3 Rc6 34.
Bxd4 Rxc1+ 35. Qxc1 Nxd3 36. Qc7+ Qe7 37. Qc6 Nb4 38. Qa8 Qd7 39. Be3 Qd1+ 40.
Kf2 Nd3+ 41. Kg3 Qe1+ 0-1

[Event "III Open Oro Caffe'"]
[Site "Udine ITA"]
[Date "2010.07.10"]
[Round "6"]
[White "Sialino, Roberto"]
[Black "Del Forno Sinicco, Michele"]
[Result "1-0"]
[WhiteElo "1900"]
[BlackElo "1802"]
[PlyCount "77"]
[EventDate "2010.07.05"]

1. e4 e5 2. Bc4 Bc5 3. Nf3 Nc6 4. c3 Nf6 5. d4 exd4 6. cxd4 Bb4+ 7. Nc3 Nxe4 8.
O-O Bxc3 9. bxc3 d5 10. Re1 O-O 11. Bd3 Re8 12. Qc2 Bg4 13. Ng5 Nxg5 14. Rxe8+
Qxe8 15. Bxg5 h6 16. Bf4 Qe7 17. h3 Be6 18. Re1 Qf6 19. Bxc7 Rc8 20. Be5 Qg5
21. Re3 Nxe5 22. Rxe5 Qd8 23. f4 Qa5 24. c4 Rc6 25. f5 Bd7 26. Qe2 Qb6 27. Re8+
Kh7 28. f6+ g6 29. Bxg6+ Kxg6 30. Rg8+ Kh7 31. Rg7+ Kh8 32. Qd3 Bf5 33. Qxf5
Qxd4+ 34. Kh2 Qe4 35. Qxe4 dxe4 36. Rxf7 Rxc4 37. Rxb7 e3 38. Rb8+ Kh7 39. f7
1-0

[Event "III Open Oro Caffe'"]
[Site "Udine ITA"]
[Date "2010.07.10"]
[Round "6"]
[White "Varini, Massimo"]
[Black "Tonon, Alessandro"]
[Result "1-0"]
[WhiteElo "2076"]
[BlackElo "2274"]
[PlyCount "55"]
[EventDate "2010.07.05"]

1. d4 Nf6 2. Nf3 e6 3. Bg5 h6 4. Bh4 d6 5. Nbd2 g5 6. Bg3 Bg7 7. e4 Nh5 8. Bd3
Nc6 9. c3 Qe7 10. O-O Nxg3 11. fxg3 Bd7 12. Qe2 f5 13. exf5 exf5 14. Qf2 O-O
15. Rae1 Qf6 16. Nc4 Ne7 17. Ne3 c6 18. Bb1 Be8 19. g4 Bg6 20. gxf5 Nxf5 21.
Ng4 Qf7 22. Bc2 Qd7 23. Bb3+ Kh7 24. Re6 Nh4 25. Qg3 Nxf3+ 26. Rxf3 Rxf3 27.
Qxf3 Rf8 28. Qxf8 1-0

[Event "III Open Oro Caffe'"]
[Site "Udine ITA"]
[Date "2010.07.10"]
[Round "6"]
[White "Visintin, Roberto"]
[Black "Okhotnik, Vladimir"]
[Result "0-1"]
[WhiteElo "2031"]
[BlackElo "2467"]
[PlyCount "89"]
[EventDate "2010.07.05"]

1. e4 Nc6 2. d4 d5 3. Nc3 dxe4 4. d5 Nb8 5. Nxe4 c6 6. c4 e6 7. dxc6 Qxd1+ 8.
Kxd1 Nxc6 9. Be3 e5 10. Nf3 Bf5 11. Nc3 O-O-O+ 12. Kc1 Nf6 13. Be2 Bb4 14. Rd1
Bxc3 15. Rxd8+ Rxd8 16. bxc3 Ng4 17. Nd2 Nxe3 18. fxe3 Kc7 19. e4 Bg6 20. Rb1
a6 21. Bf3 f5 22. exf5 Bxf5 23. Rb2 Rd3 24. Ne4 Bxe4 25. Bxe4 Rxc3+ 26. Rc2
Rxc2+ 27. Kxc2 b6 28. a3 Kd6 29. Kd3 h6 30. Bg6 Ke6 31. Be4 Nd4 32. Bd5+ Kd6
33. Bg8 Ne6 34. Ke4 g6 35. g3 Nc5+ 36. Ke3 Ke7 37. Bd5 g5 38. h3 Kd6 39. Bg8
Nd7 40. Bf7 Nf6 41. Kd3 Kc5 42. Be6 Nh5 43. Ke4 Kd6 44. Bc8 g4 45. h4 0-1

[Event "III Open Oro Caffe'"]
[Site "Udine ITA"]
[Date "2010.07.11"]
[Round "7"]
[White "Cecchetto, Vanni"]
[Black "Orsatti, Marcello"]
[Result "1-0"]
[WhiteElo "1948"]
[BlackElo "1995"]
[PlyCount "64"]
[EventDate "2010.07.05"]

1. d4 d5 2. Nf3 Nf6 3. e3 e6 4. Bd3 c5 5. b3 cxd4 6. exd4 Bb4+ 7. c3 Bd6 8. Bg5
Nbd7 9. O-O h6 10. Bh4 O-O 11. Nbd2 e5 12. dxe5 Nxe5 13. Nxe5 Bxe5 14. Rc1 Bd7
15. Bb1 Rc8 16. Nf3 Bf4 17. Qd3 g6 18. Rcd1 Qb6 19. Nd4 Ne4 20. c4 Rfe8 21. Nf3
Bg4 22. h3 dxc4 23. bxc4 Bf5 24. Nd4 Nxf2 25. Qf3 Nxd1 26. Qxf4 Rxc4 27. Rxd1
Bxb1 28. Bf2 Qb4 29. Qf6 Bf5 30. Nxf5 gxf5 31. Qxf5 Rc6 32. Qg5+ Rg6 1-0

[Event "III Open Oro Caffe'"]
[Site "Udine ITA"]
[Date "2010.07.11"]
[Round "7"]
[White "De Val, Tarcisio"]
[Black "Muradore, Aldo"]
[Result "0-1"]
[WhiteElo "1615"]
[BlackElo "1575"]
[PlyCount "36"]
[EventDate "2010.07.05"]

1. e4 c5 2. Nf3 d6 3. d4 cxd4 4. Nxd4 a6 5. Nc3 g6 6. Bc4 b5 7. Bb3 Bg7 8. O-O
Bb7 9. Be3 Nf6 10. f3 O-O 11. Qd2 Nc6 12. a4 b4 13. Nce2 a5 14. Rac1 Nd7 15. c3
bxc3 16. bxc3 Rb8 17. Nb5 Nc5 18. Bc4 Ne5 0-1

[Event "III Open Oro Caffe'"]
[Site "Udine ITA"]
[Date "2010.07.11"]
[Round "7"]
[White "Del Cont Bernard, Emanuela"]
[Black "Zavagno, Matteo"]
[Result "0-1"]
[WhiteElo "1302"]
[BlackElo "1524"]
[PlyCount "92"]
[EventDate "2010.07.05"]

1. d4 Nf6 2. Nf3 e6 3. c4 c5 4. e3 Nc6 5. Nc3 cxd4 6. Nxd4 Qb6 7. Nxc6 bxc6 8.
a3 d5 9. cxd5 cxd5 10. Be2 Bd7 11. b4 Bd6 12. Bd2 O-O 13. O-O Qc7 14. h3 e5 15.
Rc1 Qb7 16. Nb1 Rac8 17. Qb3 Ne4 18. Rfe1 Rc7 19. Qb2 Rfc8 20. Rxc7 Rxc7 21.
Rc1 Nxd2 22. Nxd2 a5 23. Rb1 axb4 24. axb4 Bf5 25. Rc1 Qxb4 26. Qxb4 Bxb4 27.
Nf1 Be6 28. Rb1 Bc3 29. Rb8+ Rc8 30. Rxc8+ Bxc8 31. Nh2 d4 32. exd4 exd4 33.
Bd3 Bb7 34. f3 h5 35. Kf2 g5 36. g4 h4 37. Ke2 Kg7 38. Be4 Ba6+ 39. Bd3 Bxd3+
40. Kxd3 Kf6 41. Ke4 Ke6 42. Nf1 f6 43. f4 Kd6 44. fxg5 fxg5 45. Kf5 d3 46. Ne3
Bd4 0-1

[Event "III Open Oro Caffe'"]
[Site "Udine ITA"]
[Date "2010.07.11"]
[Round "7"]
[White "Fermo, Ruggero"]
[Black "Visintin, Roberto"]
[Result "0-1"]
[WhiteElo "1901"]
[BlackElo "2031"]
[PlyCount "76"]
[EventDate "2010.07.05"]

1. e4 Nf6 2. Nc3 d5 3. e5 Ne4 4. d4 Nxc3 5. bxc3 Bf5 6. Ne2 e6 7. Ng3 Bg6 8. h4
h6 9. h5 Bh7 10. Bd3 Bxd3 11. Qxd3 Qd7 12. a4 Nc6 13. O-O Na5 14. f4 Nc4 15. f5
O-O-O 16. Rf2 Be7 17. Nf1 exf5 18. Qxf5 Qxf5 19. Rxf5 f6 20. Ne3 fxe5 21. Nxc4
dxc4 22. Rxe5 Bd6 23. Rf5 Rhf8 24. Rf3 Rxf3 25. gxf3 Rf8 26. Kg2 Rf5 27. Be3
Rxh5 28. f4 Rf5 29. Kg3 Rf7 30. Rh1 Kd7 31. Kg4 Re7 32. Kf3 c6 33. Rh4 Ke6 34.
Bf2 Rf7 35. Bg3 Rf5 36. Rh1 Ra5 37. Ke4 Kf7 38. Rb1 b6 0-1

[Event "III Open Oro Caffe'"]
[Site "Udine ITA"]
[Date "2010.07.11"]
[Round "7"]
[White "Gabassi, Cristina"]
[Black "Muzzolini, Claudio"]
[Result "0-1"]
[WhiteElo "1621"]
[BlackElo "1809"]
[PlyCount "115"]
[EventDate "2010.07.05"]

1. e4 e5 2. Nf3 Nc6 3. Bb5 f5 4. d3 fxe4 5. dxe4 d6 6. Nc3 Nf6 7. Bg5 Be7 8.
Qe2 Bd7 9. O-O O-O 10. Rad1 Qc8 11. Rd2 Kh8 12. Nd1 Bg4 13. c3 Nh5 14. Bxe7
Nxe7 15. Qe3 Bxf3 16. gxf3 Nf4 17. Kh1 Rf6 18. Rg1 Qh3 19. Bf1 Qh5 20. Rg3 b6
21. c4 Raf8 22. Nc3 Ne6 23. Nd5 Nxd5 24. cxd5 Nd4 25. Rh3 Qf7 26. Bg2 Rf4 27.
Rd3 Qd7 28. Rg3 Qa4 29. a3 Qc2 30. Qd2 Qb1+ 31. Qd1 Qxb2 32. Qd2 Qxd2 33. Rxd2
g6 34. Kg1 Kg7 35. Rg4 Nxf3+ 36. Bxf3 Rxf3 37. Rg3 Rxg3+ 38. hxg3 Kf6 39. Rc2
Rf7 40. Kf1 Kg5 41. a4 a5 42. Kg1 h5 43. Kf1 h4 44. gxh4+ Kxh4 45. Rc3 g5 46.
Kg2 g4 47. Rc4 Kg5 48. Rc3 Rg7 49. Kg3 Rh7 50. Rc4 Rg7 51. Rc3 Rh7 52. Rc4 Kh6
53. Rc3 Kg7 54. Rc4 Kh8 55. Kg2 Rf7 56. Kg3 Rf8 57. Rc3 Kg8 58. Kg2 0-1

[Event "III Open Oro Caffe'"]
[Site "Udine ITA"]
[Date "2010.07.11"]
[Round "7"]
[White "La Malfa, Stelio"]
[Black "Cicioni, Luigi"]
[Result "0-1"]
[WhiteElo "1826"]
[BlackElo "1827"]
[PlyCount "40"]
[EventDate "2010.07.05"]

1. e4 c5 2. Nf3 e6 3. d4 cxd4 4. c3 Nf6 5. e5 Nd5 6. cxd4 Bb4+ 7. Bd2 Nc6 8.
Bd3 Nf4 9. Be4 Nxg2+ 10. Ke2 Nh4 11. Bg5 Be7 12. Bxe7 Qxe7 13. Nbd2 Nxf3 14.
Nxf3 b6 15. Rg1 Ba6+ 16. Ke3 f5 17. exf6 Qxf6 18. Rc1 O-O 19. Rg4 h5 20. Bh7+
Kh8 0-1

[Event "III Open Oro Caffe'"]
[Site "Udine ITA"]
[Date "2010.07.11"]
[Round "7"]
[White "Maestri, Roberto"]
[Black "Podgornik, Massimo"]
[Result "0-1"]
[WhiteElo "1768"]
[BlackElo "1491"]
[PlyCount "54"]
[EventDate "2010.07.05"]

1. e4 e5 2. d4 exd4 3. c3 d3 4. Bxd3 d6 5. Nf3 Nf6 6. O-O Be7 7. Bg5 O-O 8.
Nbd2 Nc6 9. Nb3 Bg4 10. h3 Bh5 11. Qe2 Re8 12. Rfd1 Qc8 13. Rac1 Bf8 14. c4 Nd7
15. e5 dxe5 16. Bxh7+ Kh8 17. Be3 Bxf3 18. Qxf3 Kxh7 19. Qh5+ Kg8 20. Rxd7 Re7
21. Rcd1 Nd4 22. Nxd4 Rxd7 23. Qxe5 c5 24. Rd2 cxd4 25. Bxd4 Qe8 26. Qf4 Qe1+
27. Kh2 Bd6 0-1

[Event "III Open Oro Caffe'"]
[Site "Udine ITA"]
[Date "2010.07.11"]
[Round "7"]
[White "Pecchiari, Alberto"]
[Black "Del Forno Sinicco, Michele"]
[Result "0-1"]
[WhiteElo "1613"]
[BlackElo "1802"]
[PlyCount "23"]
[EventDate "2010.07.05"]

1. e4 e5 2. Nf3 Nc6 3. Bb5 Nf6 4. O-O Nxe4 5. d4 Nd6 6. Bxc6 dxc6 7. dxe5 Nc4
8. Qxd8+ Kxd8 9. Rd1+ Ke7 10. b3 Nb6 11. Ba3+ Ke6 12. Re1 0-1

[Event "III Open Oro Caffe'"]
[Site "Udine ITA"]
[Date "2010.07.11"]
[Round "7"]
[White "Procacci, Sergio"]
[Black "Capizzi, Biagio"]
[Result "0-1"]
[WhiteElo "2043"]
[BlackElo "1824"]
[PlyCount "128"]
[EventDate "2010.07.05"]

1. e4 c5 2. b4 cxb4 3. a3 Nc6 4. axb4 Nxb4 5. c3 Nc6 6. d4 d5 7. e5 e6 8. Ba3
Nge7 9. Bd3 g6 10. Ne2 Bg7 11. Bd6 Bd7 12. Nd2 Na5 13. Bxe7 Kxe7 14. Qc1 Ke8
15. Qa3 b6 16. O-O Bf8 17. Qa2 Be7 18. Nf3 Qc7 19. Qd2 Nb3 20. Qh6 Bf8 21. Qf4
Nxa1 22. Qf6 Rg8 23. Ng5 Rg7 24. Rxa1 Qd8 25. Qf4 Be7 26. Nh3 b5 27. Ra6 Qc8
28. Ra5 Qc7 29. Ra1 a5 30. f3 a4 31. Nf2 h5 32. Qh6 Bf8 33. g4 Qd8 34. Qe3 Bc6
35. Kh1 Be7 36. Qh6 Rg8 37. Qh7 Kd7 38. Qxf7 Qf8 39. Qxf8 Raxf8 40. Kg2 a3 41.
h3 Ra8 42. Nc1 b4 43. cxb4 Bxb4 44. Na2 Bd2 45. Rd1 Be3 46. Bb1 Bb5 47. Nb4 Bc4
48. Ba2 Rgb8 49. Nfd3 Bxd3 50. Nxd3 Bxd4 51. Kg3 Rc8 52. Kf4 Ke7 53. Kg5 hxg4
54. hxg4 Kf7 55. Rh1 Rh8 56. Rc1 Rac8 57. Rb1 Rc7 58. Rb4 Be3+ 59. f4 Rh2 60.
Nc1 Bxc1 61. Bb1 a2 62. Bxg6+ Kg7 63. Ra4 Rcc2 64. Ra8 Bxf4+ 0-1

[Event "III Open Oro Caffe'"]
[Site "Udine ITA"]
[Date "2010.07.11"]
[Round "7"]
[White "Redo, Stefano"]
[Black "Pagnutti, Lorenzo"]
[Result "1-0"]
[WhiteElo "1919"]
[BlackElo "2095"]
[PlyCount "103"]
[EventDate "2010.07.05"]

1. e4 e5 2. Nf3 Nc6 3. Bb5 Nf6 4. Nc3 Bc5 5. O-O O-O 6. d3 d6 7. h3 h6 8. Na4
Bb6 9. c3 Ne7 10. Nxb6 axb6 11. Bc4 Ng6 12. Nh2 c6 13. Qe2 Be6 14. Bxe6 fxe6
15. Ng4 b5 16. a3 Qe7 17. Bd2 Kh7 18. g3 Rf7 19. Kg2 Raf8 20. h4 Nd7 21. a4
bxa4 22. Rxa4 Qd8 23. d4 exd4 24. cxd4 e5 25. h5 Ne7 26. Bc3 Qc7 27. Qd3 Kh8
28. Qe3 Ng8 29. f4 exf4 30. Rxf4 d5 31. Rxf7 Rxf7 32. e5 Nb6 33. Ra1 Nc4 34.
Qe2 Qc8 35. Nh2 Re7 36. b3 Nb6 37. Bb4 Re8 38. Qf3 Nd7 39. Bd6 Nf8 40. Qf7 Ne6
41. Nf3 b6 42. Ra7 c5 43. dxc5 bxc5 44. Rb7 Qc6 45. Rd7 Rd8 46. Ra7 Qe8 47. Qf5
d4 48. Nh4 Nf6 49. Ng6+ Kg8 50. exf6 Qc6+ 51. Kh2 Qxd6 52. f7+ 1-0

[Event "III Open Oro Caffe'"]
[Site "Udine ITA"]
[Date "2010.07.11"]
[Round "7"]
[White "Rozmann, Glauco"]
[Black "Trento, Giacomo"]
[Result "0-1"]
[WhiteElo "1745"]
[BlackElo "1794"]
[PlyCount "49"]
[EventDate "2010.07.05"]

1. d4 Nf6 2. Nc3 d5 3. Bf4 c5 4. Nf3 Bg4 5. h3 Bh5 6. g4 Bg6 7. Ne5 Nc6 8. e3
Qb6 9. Rb1 cxd4 10. Nxc6 dxc3 11. Nd4 e6 12. b3 a6 13. Be2 Ne4 14. O-O Nd2 15.
a4 f6 16. Nf3 Nxf1 17. Kxf1 e5 18. Bg3 Rd8 19. Qe1 Bb4 20. Bd1 O-O 21. Nh4 Be8
22. f3 d4 23. exd4 exd4 24. Be2 Bc5 25. Rd1 0-1

[Event "III Open Oro Caffe'"]
[Site "Udine ITA"]
[Date "2010.07.11"]
[Round "7"]
[White "Santacroce, Fidel"]
[Black "Gentile, Bruno"]
[Result "1/2-1/2"]
[WhiteElo "1589"]
[BlackElo "1305"]
[PlyCount "31"]
[EventDate "2010.07.05"]

1. e4 c5 2. Nf3 d6 3. Bc4 e6 4. d3 Nc6 5. Nc3 a6 6. a4 Be7 7. O-O Qc7 8. Qe2
Bd7 9. Bf4 Nd4 10. Nxd4 cxd4 11. Nd1 Nf6 12. h4 e5 13. Bg3 Bg4 14. f3 Bd7 15.
Bh2 h5 16. c3 1/2-1/2

[Event "III Open Oro Caffe'"]
[Site "Udine ITA"]
[Date "2010.07.11"]
[Round "7"]
[White "Tassinari, Luca"]
[Black "Bozza, Gabriele"]
[Result "1-0"]
[WhiteElo "1856"]
[BlackElo "2000"]
[PlyCount "25"]
[EventDate "2010.07.05"]

1. e4 e5 2. Nf3 Nc6 3. d4 exd4 4. Bc4 Nf6 5. O-O Bc5 6. e5 d5 7. exf6 dxc4 8.
Re1+ Be6 9. fxg7 Rg8 10. Ng5 Qf6 11. Nxe6 fxe6 12. Qh5+ Qg6 13. Rxe6+ 1-0

[Event "III Open Oro Caffe'"]
[Site "Udine ITA"]
[Date "2010.07.11"]
[Round "7"]
[White "Tonon, Alessandro"]
[Black "Pillon, Giovanni Pietro"]
[Result "1-0"]
[WhiteElo "2274"]
[BlackElo "1921"]
[PlyCount "89"]
[EventDate "2010.07.05"]

1. Nf3 Nf6 2. c4 e6 3. d4 Bb4+ 4. Bd2 Qe7 5. g3 b6 6. Bg2 Bb7 7. O-O Bxd2 8.
Nbxd2 d6 9. Qc2 Nbd7 10. e4 e5 11. d5 O-O 12. Ne1 Rfe8 13. Nd3 a5 14. f4 Nc5
15. Nxc5 dxc5 16. Rae1 Nd7 17. Nf3 f6 18. Bh3 Nf8 19. fxe5 fxe5 20. Qd2 Bc8 21.
Bxc8 Raxc8 22. Rf2 Ng6 23. Ref1 Rf8 24. h4 h5 25. Ng5 Rxf2 26. Rxf2 Rf8 27. Qe2
Rxf2 28. Kxf2 Qf6+ 29. Kg2 Nf8 30. Qxh5 g6 31. Qg4 Qe7 32. b3 Kg7 33. Nf3 Kh6
34. Qg5+ Qxg5 35. Nxg5 Kg7 36. Kh3 Kf6 37. Kg4 Ke7 38. Nf3 Nd7 39. Kg5 Kf7 40.
g4 Kg7 41. h5 gxh5 42. gxh5 Nf6 43. h6+ Kf7 44. Nxe5+ Ke7 45. Kg6 1-0